Cartas de amor a Lilí Brik (Record no. 185484)

MARC details
000 -LEADER
campo de control de longitud fija 00724nam a2200205 i 4500
001 - NÚMERO DE CONTROL
campo de control 185484
003 - IDENTIFICADOR DE NÚMERO DE CONTROL
campo de control ES-MaACL
005 - FECHA Y HORA DE LA ÚLTIMA TRANSACCIÓN
campo de control 20230906222440.0
008 - DATOS DE LONGITUD FIJA--INFORMACIÓN GENERAL
campo de control de longitud fija 160610s1976 ag a |||| |bspa d
080 ## - NÚMERO DE LA CLASIFICACIÓN DECIMAL UNIVERSAL
Número de la Clasificación Decimal Universal 929 Vladimir Maiakovski
080 ## - NÚMERO DE LA CLASIFICACIÓN DECIMAL UNIVERSAL
Número de la Clasificación Decimal Universal 821.161.1-6"19"
100 1# - ENTRADA PRINCIPAL--NOMBRE DE PERSONA
Nombre de persona Maiakovskiï, Vladimir Vladimirovich.
9 (RLIN) 75553
245 10 - MENCIÓN DEL TÍTULO
Título Cartas de amor a Lilí Brik
Resto del título : (1917-1930) /
Mención de responsabilidad, etc. Vladimir Maiakovski ; [prólogo, Lilí Brik].
250 ## - MENCION DE EDICION
Mención de edición 2ª ed.
260 ## - PUBLICACIÓN, DISTRIBUCIÓN, ETC.
Lugar de publicación, distribución, etc. Buenos Aires :
Nombre del editor, distribuidor, etc. Ediciones de la Flor,
Fecha de publicación, distribución, etc. 1976.
300 ## - DESCRIPCIÓN FÍSICA
Extensión 153 p. :
Otras características físicas il. ;
Dimensiones 20 cm.
599 ## - NOTA A LAS ILUSTRACIONES
NOTA A LAS ILUSTRACIONES Las il. son dibujos del autor.
600 14 - PUNTO DE ACCESO ADICIONAL DE MATERIA--NOMBRE DE PERSONA
Nombre de persona Maiakovskiï, Vladimir Vladimirovich.
9 (RLIN) 75553
852 ## - LOCALIZACIÓN
Ubicación ES-MaACL
Número de control de estantería L-30372
Nota libre . - Donat. Miguel A. Velasco
Holdings
Estatus retirado Estado de pérdida Estado de daño No para préstamo Biblioteca de origen Biblioteca actual Ubicación en estantería Fecha de adquisición Fuente de adquisición Total de préstamos Signatura topográfica completa Código de barras Visto por última vez Precio de reemplazo Tipo de ítem Koha
        Biblioteca del Ateneo de Madrid Biblioteca del Ateneo de Madrid Depósito 2 10/06/2016     L-30372 1195423 23/02/2023 23/02/2023 Libro impreso